Google Maps Cities - Moldova - Statistics

General Stats
  • This quiz has been taken 23 times
  • The average score is 4 of 5
Answer Stats
City % Correct
Balti
94%
Chisinau
94%
Tiraspol
94%
Bender
75%
Orhei
63%
No matching quizzes found
Score Distribution
Percent of People with Each Score
Percentile by Number Answered
Your Score History
You have not taken this quiz